Sports Quiz

Random Sports or Baseball Quiz

Blue Jays Pitchers Since 2001 Quiz Stats

 Plays Quiz not verified by Sporcle

Challenge
Share
Tweet
Embed
Score 0/158 Timer 15:00
0 Plays Today
Position Player % Correct
SPRoy Halladay
96.5%
SPRicky Romero
89.5%
RPDavis Romero
89.5%
SPR.A. Dickey
88.9%
SPMark Buehrle
88.9%
SPJosh Johnson
88.9%
SPA.J. Burnett
87.7%
RPB.J. Ryan
87.7%
SPBrandon Morrow
84.2%
RPRandy Wells
77.2%
RPBrett Cecil
71.9%
SPChris Carpenter
71.9%
RPAndrew Carpenter
71.9%
RPDavid Carpenter
71.9%
RPJason Frasor
70.2%
SPDoug Davis
70.2%
SPShaun Marcum
68.4%
RPCasey Janssen
68.4%
RPMike Smith
66.7%
RPJuan Perez
66.7%
SPTed Lilly
63.2%
RPKelvim Escobar
63.2%
SPDustin McGowan
61.4%
RPBilly Koch
61.4%
RPLuis Perez
57.9%
SPPat Hentgen
57.9%
SPJosh Towers
56.1%
RPEdgar Gonzalez
55.6%
RPValerio De Los Santos
52.6%
RPSergio Santos
52.6%
SPRamon Ortiz
51.9%
RPScott Downs
50.9%
SPKyle Drabek
50.9%
RPAquilino Lopez
50.9%
RPPaul Quantrill
49.1%
RPBrandon League
47.4%
SPJustin Miller
47.4%
SPDrew Hutchison
47.4%
RPDarren Oliver
47.4%
RPTrever Miller
47.4%
RPFrank Francisco
47.4%
SPGustavo Chacin
45.6%
RPJon Rauch
45.6%
SPJ.A. Happ
45.6%
SPHenderson Alvarez
43.9%
RPPete Walker
42.1%
RPFrancisco Cordero
42.1%
SPJesse Litsch
40.4%
RPSteve Delabar
38.6%
SPEsteban Loaiza
36.8%
RPBrian Tallet
35.1%
SPJo-Jo Reyes
35.1%
RPAaron Loup
35.1%
Position Player % Correct
SPShawn Hill
35.1%
RPMiguel Batista
33.3%
SPDave Bush
33.3%
SPMark Hendrickson
33.3%
RPKevin Gregg
33.3%
SPZach Stewart
33.3%
RPMarc Rzepczynski
29.8%
RPJeremy Accardo
29.8%
RPRommie Lewis
29.8%
RPEsmil Rogers
29.6%
RPShawn Camp
28.1%
SPJoey Hamilton
28.1%
RPChad Jenkins
28.1%
SPAaron Laffey
26.3%
RPOctavio Dotel
24.6%
RPCarlos Villanueva
22.8%
RPDan Plesac
22.8%
SPTodd Redmond
22.2%
RPJesse Carlson
21.1%
RPTerry Adams
21.1%
RPJesse Chavez
21.1%
RPVictor Zambrano
21.1%
SPScott Richmond
19.3%
RPBrandon Lyon
19.3%
SPChien-Ming Wang
18.5%
SPBrad Mills
17.5%
SPCory Lidle
15.8%
RPDavid Purcey
15.8%
RPBob File
15.8%
RPJeremy Jeffress
14.8%
RPJustin Speier
14%
RPCliff Politte
14%
RPBill Murphy
14%
RPArmando Benitez
14%
RPScott Schoeneweis
12.3%
SPTomo Ohka
12.3%
RPChad Beck
12.3%
RPJoe Kennedy
12.3%
SPSean Nolin
11.1%
RPTanyon Sturtze
10.5%
SPDana Eveland
10.5%
RPBrad Lincoln
10.5%
SPRobert Ray
10.5%
SPBrian Cooper
10.5%
RPP.J. Walters
10.5%
SPSteve Parris
8.8%
RPVinnie Chulk
8.8%
RPBrian Wolfe
8.8%
RPScott Eyre
8.8%
RPJosh Roenicke
8.8%
RPNeil Wagner
7.4%
RPPedro Borbon
7%
RPEvan Crawford
7%
Position Player % Correct
RPDavid Pauley
7%
RPJohn Frascatore
5.3%
SPChad Gaudin
5.3%
RPDaniel Farquhar
5.3%
RPRyota Igarashi
5.3%
RPSam Dyson
5.3%
RPThad Weber
3.7%
RPLance Painter
3.5%
SPChris Michalak
3.5%
SPLuke Prokopec
3.5%
RPKerry Ligtenberg
3.5%
RPJeff Tam
3.5%
RPJohn Parrish
3.5%
SPTy Taubenheim
3.5%
RPSean Douglass
3.5%
RPJoel Carreno
3.5%
RPDirk Hayhurst
3.5%
RPJuan Acevedo
3.5%
RPJordan De Jong
3.5%
RPJosh Banks
3.5%
SPBrian Burres
3.5%
RPRobert Coello
3.5%
RPWilfredo Ledezma
3.5%
RPCorey Thurman
1.8%
RPJason Kershner
1.8%
RPFelix Heredia
1.8%
RPFrancisco Rosario
1.8%
RPMatt DeWitt
1.8%
RPPasqual Coco
1.8%
RPBryan Bullington
1.8%
RPLee Gronkiewicz
1.8%
RPAdam Peterson
1.8%
RPTaylor Buchholz
1.8%
RPMerkin Valdez
1.8%
RPBobby Korecky
1.8%
RPJamie Vermilyea
0%
RPScott Cassidy
0%
RPBrian Bowles
0%
RPKevin Frederick
0%
RPMicheal Nakamura
0%
RPRyan Glynn
0%
RPDan Reichert
0%
RPScott Service
0%
RPDoug Creek
0%
RPDoug Linton
0%
RPKevin Beirne
0%
SPJohn Wasdin
0%
RPMatt Whiteside
0%
RPScott Wiggins
0%
RPDave Maurer
0%
RPJustin Germano
0%
RPMickey Storey
0%

You're not logged in!

Compare scores with friends on all Sporcle quizzes.
Join for Free
OR
Log In

You Might Also Like...

Show Comments

Extras

Top Quizzes Today


Score Distribution

Your Account Isn't Verified!

In order to create a playlist on Sporcle, you need to verify the email address you used during registration. Go to your Sporcle Settings to finish the process.

Report this User

Report this user for behavior that violates our Community Guidelines.

Details: